| 000 | 00564nam a22001577a 4500 | ||
|---|---|---|---|
| 999 |
_c534718 _d534718 |
||
| 020 | _qHard Cover. | ||
| 082 | _a629.04 | ||
| 100 | _aAbdul Hanan Tunio | ||
| 245 |
_a Evaluating subgrade soil stabilization using cement and lime, their cost and damage progression analysis / _cabdul Hanan Tunio. |
||
| 260 |
_aIslamabad : _bNIT - NUST, _c2015. |
||
| 300 |
_axii, 92 p. ill. ; _c30cm. |
||
| 942 |
_2ddc _cTHE |
||
| 650 |
_aTranspiration Engineering - MS Thesis. _928966 |
||
| 700 |
_aDr. Sarfraz Ahmed. _929043 |
||